00366nam a22001337a 4500008004100000040005500041080001600096100001600112245002900128260003700157300001200194650001300206653001300219230531b |||||||| |||| 00| 0 eng d aNational Science LibrarycNational Science Library a615.781bK6 aWylie, W D  aPractice of anaesthesia  aLondon: bLloyd-Luke Ltd, c1966 a1310p.  aScience  aBiology